[Event "TCh-RUS Rapid 2017"]
[Site "Sochi RUS"]
[Date "2017.10.04"]
[Round "6.2"]
[Board "3"]
[White "Kovalev, Vladislav"]
[Black "Riazantsev, Alexander"]
[Result "0-1"]
[WhiteTitle "GM"]
[BlackTitle "GM"]
[WhiteElo "2636"]
[BlackElo "2666"]
[WhiteTeam "Friends of Ivan Bukavshin (Samara)"]
[BlackTeam "Sima-Land Urals"]
[WhiteFideId "13504398"]
[BlackFideId "4125029"]
[EventDate "2017.10.03"]

1. e4 c6 2. d4 d5 3. exd5 cxd5 4. Bd3 Nc6 5. c3 Nf6 6. Bf4 Bg4 7. Qb3 Qd7 8. Nd2
e6 9. Ngf3 Bxf3 10. Nxf3 Bd6 11. Bxd6 Qxd6 12. O-O O-O 13. Rae1 Qc7 14. Qc2 Rac8
15. Qe2 a6 16. g3 b5 17. a3 Rfe8 18. Kg2 Rb8 19. h4 h6 20. Rh1 Nd7 21. Bb1 a5
22. Qd3 Nf8 23. b4 Rec8 24. Re3 Rb7 25. Rhe1 Qb6 26. Nd2 a4 27. Nf3 Rbc7 28. Qd2
Qb8 29. h5 Rb7 30. Nh2 Qd6 31. Ng4 f5 32. Ne5 Nxe5 33. Rxe5 Rb6 34. R1e3 Qd8 35.
g4 Qg5 36. f3 Nd7 37. Rxf5 exf5 38. Bxf5 Rd8 39. Qe2 Nf8 40. Re5 Qf4 41. Re7 Rf6
42. Qd3 Rxf5 43. Qxf5 Qxf5 44. gxf5 Nd7 45. Kf2 Kf8 46. Re6 Rc8 47. Re3 Nf6 48.
Ke2 Re8 49. Re5 Nxh5 50. Ke3 Nf6 51. Kf4 Re7 0-1

[Event "TCh-RUS Rapid 2017"]
[Site "Sochi RUS"]
[Date "2017.10.04"]
[Round "6.2"]
[Board "4"]
[White "Rublevsky, Sergei"]
[Black "Yuffa, Daniil"]
[Result "1/2-1/2"]
[WhiteTitle "GM"]
[BlackTitle "GM"]
[WhiteElo "2683"]
[BlackElo "2527"]
[WhiteTeam "Sima-Land Urals"]
[BlackTeam "Friends of Ivan Bukavshin (Samara)"]
[WhiteFideId "4115309"]
[BlackFideId "24131423"]
[EventDate "2017.10.03"]

1. e4 c6 2. d4 d5 3. e5 Bf5 4. Nd2 e6 5. Nb3 Nd7 6. Nf3 a6 7. Be2 c5 8. c3 c4 9.
Nbd2 h6 10. Nf1 Ne7 11. Ng3 Bh7 12. O-O b5 13. Nh5 Nc6 14. Bd2 Qb6 15. b3 g6 16.
Nf6+ Nxf6 17. exf6 g5 18. Be3 Rd8 19. a4 Na5 20. axb5 Nxb3 21. bxa6 Bd6 22. Ra2
Ra8 23. Ne5 Rxa6 24. Bxc4 Rxa2 25. Bxb3 Ra7 26. c4 Qa6 27. cxd5 exd5 28. Bxd5
Bxe5 29. dxe5 Rd7 30. Bc5 Bd3 31. Qb3 Rxd5 32. Qxd5 Bxf1 33. Be7 Qc8 34. Kxf1
Qc1+ 35. Ke2 Qc2+ 36. Kf3 Qc3+ 37. Kg4 h5+ 38. Kxg5 Qc1+ 39. f4 Rg8+ 40. Kxh5
Rh8+ 41. Kg4 Rh4+ 42. Kxh4 Qxf4+ 43. Kh3 Qg4+ 44. Kxg4 1/2-1/2

[Event "TCh-RUS Rapid 2017"]
[Site "Sochi RUS"]
[Date "2017.10.04"]
[Round "6.3"]
[Board "1"]
[White "Dubov, Daniil"]
[Black "Jakovenko, Dmitry"]
[Result "0-1"]
[WhiteTitle "GM"]
[BlackTitle "GM"]
[WhiteElo "2677"]
[BlackElo "2710"]
[WhiteTeam "Fighters for the Idea (Moscow)"]
[BlackTeam "Ugra (Khanty-Mansi Autonomous District)"]
[WhiteFideId "24126055"]
[BlackFideId "4122356"]
[EventDate "2017.10.03"]

1. Nf3 d5 2. e3 Nf6 3. c4 e6 4. b3 b6 5. Bb2 Bb7 6. Nc3 Bd6 7. cxd5 exd5 8. Nb5
Be7 9. Be5 Na6 10. Nbd4 O-O 11. Nc6 Bxc6 12. Bxa6 Nd7 13. Bxg7 Kxg7 14. Nd4 Nb8
15. Nxc6 Nxc6 16. Bb7 Ne5 17. Bxa8 Qxa8 18. d4 Ng6 19. h4 Bb4+ 20. Kf1 Ne7 21.
Rc1 Bd6 22. Qh5 f6 23. Qg4+ Kh8 24. Qe6 Qe8 25. h5 Qb5+ 26. Kg1 Qe2 27. g3 Qf3
28. Rh3 Nf5 29. Rf1 Nh6 30. Rh4 Rg8 31. Rf4 Bxf4 32. Qxf6+ Rg7 33. exf4 Qxh5 34.
Qd8+ Ng8 35. Re1 Qf7 36. Kh2 Qd7 37. Qa8 c6 38. Re8 h6 39. Rf8 Kh7 40. f5 Qe7
41. Qc8 h5 42. Re8 Qf6 43. Qe6 Qxd4 44. Kg2 Nf6 45. Re7 Qe4+ 46. f3 Rxe7 0-1

[Event "TCh-RUS Rapid 2017"]
[Site "Sochi RUS"]
[Date "2017.10.04"]
[Round "6.3"]
[Board "2"]
[White "Khismatullin, Denis"]
[Black "Morozevich, Alexander"]
[Result "1/2-1/2"]
[WhiteTitle "GM"]
[BlackTitle "GM"]
[WhiteElo "2628"]
[BlackElo "2665"]
[WhiteTeam "Ugra (Khanty-Mansi Autonomous District)"]
[BlackTeam "Fighters for the Idea (Moscow)"]
[WhiteFideId "4142578"]
[BlackFideId "4116992"]
[EventDate "2017.10.03"]

1. c4 e5 2. Nc3 Nf6 3. Nf3 Nc6 4. e3 Bb4 5. Qc2 Bxc3 6. Qxc3 Qe7 7. d4 Ne4 8.
Qd3 exd4 9. Nxd4 O-O 10. Be2 Qb4+ 11. Kf1 Re8 12. f3 Nc5 13. Qd2 Qb6 14. Nb5 d6
15. b3 a5 16. Bb2 a4 17. b4 Na6 18. a3 Qxe3 19. Qxe3 Rxe3 20. Kf2 Rb3 21. Ra2
Be6 22. Ba1 Ne5 23. Rc2 c6 24. Nxd6 Nd3+ 25. Bxd3 Rxd3 26. Nxb7 Rxa3 27. b5 Nb4
28. Rc3 Ra2+ 29. Kg3 cxb5 30. cxb5 Nc2 31. b6 Rb8 32. Nc5 Rxa1 33. Rxa1 Nxa1 34.
b7 Bf5 35. Kf4 g6 36. g4 Nb3 37. gxf5 Nxc5 38. Rxc5 Rxb7 39. Ra5 Rb4+ 40. Kg5
gxf5 41. f4 Kg7 42. h4 h6+ 43. Kxf5 Rc4 44. h5 Rb4 45. Ra7 1/2-1/2

[Event "TCh-RUS Rapid 2017"]
[Site "Sochi RUS"]
[Date "2017.10.04"]
[Round "6.3"]
[Board "3"]
[White "Savchenko, Boris"]
[Black "Pridorozhni, Aleksei"]
[Result "1/2-1/2"]
[WhiteTitle "GM"]
[BlackTitle "GM"]
[WhiteElo "2585"]
[BlackElo "2565"]
[WhiteTeam "Fighters for the Idea (Moscow)"]
[BlackTeam "Ugra (Khanty-Mansi Autonomous District)"]
[WhiteFideId "4147332"]
[BlackFideId "4127870"]
[EventDate "2017.10.03"]

1. e4 c5 2. Nf3 e6 3. d4 cxd4 4. Nxd4 Nf6 5. Nc3 Nc6 6. Nxc6 bxc6 7. e5 Nd5 8.
Ne4 Qc7 9. f4 Qb6 10. c4 Ne3 11. Qd3 Bb4+ 12. Bd2 O-O 13. Rc1 Bxd2+ 14. Qxd2
Nxf1 15. Rxf1 c5 16. Rc3 d5 17. cxd5 exd5 18. Nxc5 d4 19. Qxd4 Qxb2 20. Qd2 Rb8
21. Qxb2 Rxb2 22. Rf2 Rb1+ 23. Kd2 Bf5 24. Ke3 h5 25. Rd2 Rh1 26. h3 Rb8 27. Nb3
Rb4 28. Rd4 Re1+ 29. Kf2 Re4 30. Rxe4 Rxe4 31. Kf3 Ra4 32. Nc1 h4 33. a3 Be4+
34. Kf2 g6 35. Ne2 Kg7 36. g4 hxg3+ 37. Kxg3 Bd5 38. h4 Re4 39. Ng1 Re1 40. Nh3
a5 41. Ng5 a4 42. Kf2 Rh1 43. Rh3 Ra1 44. Rd3 Bb3 45. Rd7 Kf8 46. Nh7+ Kg7 47.
Nf6 Rxa3 48. Rd8 Ra2+ 49. Kg3 Ra1 50. h5 gxh5 51. Kh4 Kg6 1/2-1/2

[Event "TCh-RUS Rapid 2017"]
[Site "Sochi RUS"]
[Date "2017.10.04"]
[Round "6.3"]
[Board "4"]
[White "Iljiushenok, Ilia"]
[Black "Bocharov, Dmitry"]
[Result "1/2-1/2"]
[WhiteTitle "IM"]
[BlackTitle "GM"]
[WhiteElo "2519"]
[BlackElo "2585"]
[WhiteTeam "Ugra (Khanty-Mansi Autonomous District)"]
[BlackTeam "Fighters for the Idea (Moscow)"]
[WhiteFideId "24105074"]
[BlackFideId "4138716"]
[EventDate "2017.10.03"]

1. e4 c5 2. Nf3 e6 3. d4 cxd4 4. Nxd4 a6 5. Nc3 Qc7 6. Qf3 Nc6 7. Be3 Nxd4 8.
Bxd4 Ne7 9. Qg3 Qxg3 10. hxg3 Nc6 11. Be3 b5 12. g4 Bb7 13. O-O-O Rc8 14. g5 Ne5
15. f3 Be7 16. Rh5 O-O 17. Be2 g6 18. Rh6 f5 19. gxf6 Bxf6 20. Rhh1 Rf7 21. Bd4
Bg5+ 22. Kb1 Nc4 23. Bxc4 Rxc4 24. Rd3 Rc8 25. Be5 Bc6 26. Ne2 Be7 27. Rhd1 b4
28. Nd4 Bb7 29. Ne2 Bc6 30. Nd4 Bb7 31. Ne2 Bc6 32. Nd4 Bb7 33. Ne2 Bc6 1/2-1/2

[Event "TCh-RUS Rapid 2017"]
[Site "Sochi RUS"]
[Date "2017.10.04"]
[Round "6.4"]
[Board "1"]
[White "Goryachkina, Aleksandra"]
[Black "Alekseenko, Kirill"]
[Result "1/2-1/2"]
[WhiteTitle "WGM"]
[BlackTitle "GM"]
[WhiteElo "2478"]
[BlackElo "2563"]
[WhiteTeam "YAMAL (YANAO)"]
[BlackTeam "SDYUSSHOR ShSh (St. Petersburg)"]
[WhiteFideId "4147103"]
[BlackFideId "4135539"]
[EventDate "2017.10.03"]

1. d4 d5 2. c4 dxc4 3. Nf3 a6 4. e3 Bg4 5. Bxc4 e6 6. h3 Bh5 7. O-O Nf6 8. Nc3
Nc6 9. Be2 Bd6 10. b3 O-O 11. Bb2 Qe8 12. Nd2 Bxe2 13. Qxe2 e5 14. d5 Nb4 15.
Nc4 e4 16. Nxd6 cxd6 17. Ba3 a5 18. Rfd1 Rc8 19. Qd2 Qe5 20. Bxb4 axb4 21. Ne2
b5 22. Qxb4 Rc5 23. Qd4 Qe7 24. b4 Rxd5 25. Qb6 Qe5 26. Nd4 Qh5 27. Rac1 h6 28.
Rd2 Kh7 29. Rdc2 Re8 30. Ne2 Qh4 31. Nf4 Rg5 32. Qxd6 Nh5 33. Rc8 Ree5 34. Nxh5
Qxh5 35. Kh2 Ref5 36. R1c2 Rf6 37. Qb8 Qd1 38. R2c5 Rxc5 39. bxc5 Rf5 40. Rh8+
Kg6 41. Qg3+ Rg5 42. Qf4 Qd5 43. Rc8 Kh7 44. c6 Qe6 45. Rc7 f5 46. Rd7 Qxc6 47.
Qd6 Qc4 48. Qd2 Qf1 49. g3 Rg6 50. Qc2 Ra6 51. Rd2 Qe1 52. Kg2 Ra4 53. Re2 Qb4
54. Qb2 Qc4 55. Rc2 Qf7 56. Qe5 Rc4 57. Rd2 b4 58. Qb5 Qe6 59. Qb7 Qg6 60. Qb5
Qe6 1/2-1/2

[Event "TCh-RUS Rapid 2017"]
[Site "Sochi RUS"]
[Date "2017.10.04"]
[Round "6.4"]
[Board "2"]
[White "Alekseev, Evgeny"]
[Black "Potapov, Pavel"]
[Result "1/2-1/2"]
[WhiteTitle "GM"]
[BlackTitle "GM"]
[WhiteElo "2622"]
[BlackElo "2479"]
[WhiteTeam "SDYUSSHOR ShSh (St. Petersburg)"]
[BlackTeam "YAMAL (YANAO)"]
[WhiteFideId "4138147"]
[BlackFideId "4169786"]
[EventDate "2017.10.03"]

1. e4 c5 2. Nf3 Nc6 3. d4 cxd4 4. Nxd4 e5 5. Nb5 d6 6. c4 Be7 7. N5c3 Nf6 8. Bd3
Be6 9. Nd5 O-O 10. Nxe7+ Qxe7 11. Nc3 Rac8 12. b3 Nd7 13. Be3 Nc5 14. Be2 f5 15.
exf5 Bxf5 16. O-O Rcd8 17. Qd2 Ne6 18. Bd3 Bxd3 19. Qxd3 Ncd4 20. Rad1 Qh4 21.
Kh1 b6 22. Qe4 Qxe4 23. Nxe4 d5 24. cxd5 Rxd5 25. f3 Rc8 26. Rc1 Rdd8 27. Rxc8
Rxc8 28. Rc1 Rxc1+ 29. Bxc1 Kf8 30. Bd2 Ke8 31. Kg1 Kd7 32. Kf2 Kc6 33. Ke3 Nf5+
34. Kf2 Nfd4 35. h4 Kd5 36. g3 Nc5 37. Nc3+ Ke6 38. g4 b5 39. h5 a6 40. Ne2 Nxe2
41. Kxe2 Kd5 42. Ke3 Ne6 43. Bc3 g6 44. hxg6 1/2-1/2

[Event "TCh-RUS Rapid 2017"]
[Site "Sochi RUS"]
[Date "2017.10.04"]
[Round "6.4"]
[Board "3"]
[White "Belyakov, Bogdan"]
[Black "Usmanov, Vasily"]
[Result "1/2-1/2"]
[WhiteTitle "IM"]
[BlackTitle "IM"]
[WhiteElo "2486"]
[BlackElo "2463"]
[WhiteTeam "YAMAL (YANAO)"]
[BlackTeam "SDYUSSHOR ShSh (St. Petersburg)"]
[WhiteFideId "24104795"]
[BlackFideId "4135741"]
[EventDate "2017.10.03"]

1. e4 Nc6 2. d4 d5 3. Nc3 e5 4. Nxd5 Nxd4 5. c3 Ne6 6. Nf3 c6 7. Ne3 Qxd1+ 8.
Nxd1 f6 9. Be3 Bc5 10. Nd2 Ne7 11. Nb3 Bb6 12. a4 Bd7 13. a5 Bxe3 14. Nxe3 O-O-O
15. O-O-O Kc7 16. Bc4 Bc8 17. h4 Rxd1+ 18. Rxd1 Rd8 19. Rxd8 Nxd8 20. g3 b6 21.
axb6+ axb6 22. Kd2 Be6 23. Bxe6 Nxe6 24. Kd3 h5 25. Nd2 Nc8 26. b4 Nd6 27. Ndc4
Nxc4 28. Kxc4 b5+ 29. Kd3 c5 30. Nf5 cxb4 31. cxb4 Kd7 32. Ne3 Nd4 33. Nc2 Nxc2
34. Kxc2 g5 35. Kd3 gxh4 36. gxh4 Kd8 1/2-1/2

[Event "TCh-RUS Rapid 2017"]
[Site "Sochi RUS"]
[Date "2017.10.04"]
[Round "6.4"]
[Board "4"]
[White "Palchun, Grigory"]
[Black "Savitskiy, Sergey"]
[Result "1-0"]
[BlackTitle "IM"]
[WhiteElo "2441"]
[BlackElo "2412"]
[WhiteTeam "SDYUSSHOR ShSh (St. Petersburg)"]
[BlackTeam "YAMAL (YANAO)"]
[WhiteFideId "24147338"]
[BlackFideId "24105660"]
[EventDate "2017.10.03"]

1. e4 c5 2. Nc3 e6 3. g3 Nc6 4. Bg2 g6 5. d3 Bg7 6. f4 Nge7 7. Nf3 O-O 8. O-O d6
9. Be3 b6 10. Bf2 d5 11. e5 Bb7 12. Ne2 Qd7 13. c3 d4 14. cxd4 Nxd4 15. Nfxd4
cxd4 16. Nxd4 Rfd8 17. Rc1 Bxg2 18. Kxg2 Qd5+ 19. Kg1 Qxa2 20. b3 Qa6 21. Qf3
Nd5 22. g4 Bh6 23. Rc4 Rac8 24. f5 Rf8 25. Ra4 Qb7 26. Nb5 Qb8 27. Nd6 Rc3 28.
g5 Bg7 29. f6 Bh8 30. Rh4 h5 31. gxh6 Bxf6 32. h7+ Kh8 33. Rf4 Nxf4 34. Qxf4 Bg7
35. Bh4 Kxh7 36. Bf6 Bxf6 37. Qxf6 Qd8 38. Qf4 Rc7 39. Rf3 Kg7 40. Rh3 g5 41.
Qf3 Rc1+ 42. Kf2 Rc2+ 43. Ke1 Rc5 44. d4 Rc7 45. Rg3 f6 46. Qh5 Rh8 47. exf6+
Qxf6 48. Rxg5+ 1-0

[Event "TCh-RUS Rapid 2017"]
[Site "Sochi RUS"]
[Date "2017.10.04"]
[Round "6.5"]
[Board "1"]
[White "Sarana, Alexey"]
[Black "Rakhmanov, Aleksandr"]
[Result "0-1"]
[WhiteTitle "GM"]
[BlackTitle "GM"]
[WhiteElo "2543"]
[BlackElo "2654"]
[WhiteTeam "Locomotive (Moscow)"]
[BlackTeam "The team of the Vologda region"]
[WhiteFideId "24133795"]
[BlackFideId "4173708"]
[EventDate "2017.10.03"]

1. d4 Nf6 2. c4 e6 3. Nf3 a6 4. Nc3 d5 5. cxd5 exd5 6. Bg5 Be6 7. e3 Nbd7 8. Bd3
Bd6 9. O-O c6 10. h3 h6 11. Bf4 Qc7 12. Qd2 O-O 13. b4 b5 14. Ne2 Nb6 15. Bxd6
Qxd6 16. Ne5 Nfd7 17. Qc3 Nc4 18. Nxd7 Qxd7 19. Nf4 Bf5 20. a4 g5 21. Bxf5 Qxf5
22. Nd3 h5 23. axb5 axb5 24. Ne5 g4 25. Nxc6 Kg7 26. h4 Qf6 27. Ne5 Qxh4 28. e4
Nxe5 29. dxe5 dxe4 30. Qd4 Qg5 31. Qxe4 Rxa1 32. Rxa1 Re8 33. Re1 Re6 34. Qd4
Qe7 35. Re4 Qg5 36. Qc5 Qf5 37. Qe3 Kg6 38. g3 Kg7 39. Kg2 Kg6 40. Qe2 Kg7 41.
Re3 Rb6 42. Rc3 Ra6 43. Rc5 Ra1 44. e6 Qb1 45. Rg5+ Kh6 46. Rxh5+ Kxh5 47. Qxb5+
Kh6 0-1

[Event "TCh-RUS Rapid 2017"]
[Site "Sochi RUS"]
[Date "2017.10.04"]
[Round "6.5"]
[Board "2"]
[White "Rozum, Ivan"]
[Black "Krylov, Mikhail RUS"]
[Result "1-0"]
[WhiteTitle "GM"]
[BlackTitle "GM"]
[WhiteElo "2586"]
[BlackElo "2476"]
[WhiteTeam "The team of the Vologda region"]
[BlackTeam "Locomotive (Moscow)"]
[WhiteFideId "24104272"]
[BlackFideId "4151364"]
[EventDate "2017.10.03"]

1. c4 g6 2. g3 Bg7 3. Bg2 Nf6 4. Nc3 O-O 5. d3 d6 6. e4 c5 7. Nge2 Nc6 8. h3 a6
9. a4 Ne8 10. Be3 Nc7 11. d4 cxd4 12. Nxd4 Nxd4 13. Bxd4 Bxd4 14. Qxd4 Ne6 15.
Qe3 a5 16. O-O Nc5 17. e5 Be6 18. Rfd1 Bxc4 19. exd6 exd6 20. Qf4 Bb3 21. Rxd6
Qe7 22. Rb6 Ra6 23. Rb5 Be6 24. Qe5 Nd7 25. Qc7 b6 26. Rd1 Qd8 27. Qb7 Qc8 28.
Qxc8 Rxc8 29. Bb7 Raa8 30. Bxa8 Rxa8 31. Nd5 Rb8 32. Nf4 Nc5 33. Nxe6 Nxe6 34.
Rd6 Nc5 35. Rdxb6 Rxb6 36. Rxb6 Nxa4 37. Rb5 1-0

[Event "TCh-RUS Rapid 2017"]
[Site "Sochi RUS"]
[Date "2017.10.04"]
[Round "6.5"]
[Board "3"]
[White "Demidov, Mikhail"]
[Black "Moiseenko, Vadim"]
[Result "1-0"]
[WhiteTitle "IM"]
[BlackTitle "IM"]
[WhiteElo "2523"]
[BlackElo "2543"]
[WhiteTeam "Locomotive (Moscow)"]
[BlackTeam "The team of the Vologda region"]
[WhiteFideId "4197143"]
[BlackFideId "4123700"]
[EventDate "2017.10.03"]

1. Nf3 Nf6 2. g3 c5 3. Bg2 Nc6 4. O-O e5 5. d3 Be7 6. Bg5 h6 7. Bxf6 Bxf6 8. Nc3
d6 9. Nd2 Be6 10. Nd5 O-O 11. c4 Bg5 12. e3 Qd7 13. a3 Rae8 14. b4 Bd8 15. Qa4
a6 16. bxc5 dxc5 17. Rab1 Ba5 18. Ne4 b5 19. Ndf6+ gxf6 20. Nxf6+ Kg7 21. Nxd7
bxa4 22. Nxf8 Rxf8 23. Bxc6 Rd8 24. Rfd1 Bg4 25. f3 Bf5 26. e4 Bh3 27. Kf2 h5
28. Bxa4 Rd6 29. Rb7 Bc3 30. Ke2 Rf6 31. Rc1 Bd4 32. Bd7 Bxd7 33. Rxd7 Rb6 34.
Rc2 Rb1 35. f4 Rh1 36. Kf3 Rd1 37. fxe5 Rxd3+ 38. Kg2 Kg6 39. Rf2 Rxa3 40. Rf6+
Kg5 41. h4+ 1-0

[Event "TCh-RUS Rapid 2017"]
[Site "Sochi RUS"]
[Date "2017.10.04"]
[Round "6.5"]
[Board "4"]
[White "Gogolev, Artem"]
[Black "Lugovskoy, Maxim"]
[Result "1-0"]
[BlackTitle "GM"]
[WhiteElo "2427"]
[BlackElo "2474"]
[WhiteTeam "The team of the Vologda region"]
[BlackTeam "Locomotive (Moscow)"]
[WhiteFideId "4116615"]
[BlackFideId "24126454"]
[EventDate "2017.10.03"]

1. d4 d5 2. c4 e6 3. Nf3 Nf6 4. g3 dxc4 5. Qa4+ Nbd7 6. Bg2 a6 7. Qxc4 b5 8. Qc6
Rb8 9. Bf4 Nd5 10. Bg5 Be7 11. Bxe7 Nxe7 12. Qc2 Bb7 13. Nbd2 e5 14. dxe5 Nxe5
15. O-O N5c6 16. Rfd1 Qc8 17. a3 O-O 18. Nb3 Qf5 19. Qxf5 Nxf5 20. Nc5 Rfe8 21.
e3 Na5 22. b4 Nc6 23. Rac1 Nd8 24. Nxb7 Nxb7 25. Rxc7 Re7 26. Rxe7 Nxe7 27. Rd7
Kf8 28. Nd4 Nd8 29. Rd6 Rc8 30. Rxa6 Rc1+ 31. Bf1 Ng6 32. Kg2 Ne5 33. Bxb5 g6
34. Be2 Rb1 35. Ra8 Ke7 36. h3 Rb2 37. b5 Ne6 38. Nxe6 Rxe2 39. Nd4 Rb2 40. Nc6+
Nxc6 41. bxc6 Rc2 42. Ra7+ Ke6 43. c7 f5 44. h4 h6 45. a4 g5 46. h5 Kd7 47. a5
g4 48. Ra6 Rc5 49. Rxh6 Rxa5 50. Rh7+ Kc8 51. Rf7 Kb7 52. h6 Ra6 53. h7 Rh6 1-0

[Event "TCh-RUS Rapid 2017"]
[Site "Sochi RUS"]
[Date "2017.10.04"]
[Round "6.6"]
[Board "1"]
[White "Tekeyev, Zaur"]
[Black "Kezin, Roman"]
[Result "0-1"]
[WhiteTitle "FM"]
[BlackTitle "FM"]
[WhiteElo "2380"]
[BlackElo "2455"]
[WhiteTeam "Stavropol region"]
[BlackTeam "Novosibirsk State Technical University"]
[WhiteFideId "4199731"]
[BlackFideId "24124621"]
[EventDate "2017.10.03"]

1. e4 c5 2. Nf3 e6 3. d4 cxd4 4. Nxd4 Nc6 5. Nc3 Qc7 6. Be3 a6 7. Qf3 Ne5 8. Qg3
h5 9. O-O-O h4 10. Qh3 Ng6 11. Qg4 Nf6 12. Qe2 Bb4 13. Bd2 b5 14. Kb1 Be7 15.
Qe1 Bb7 16. Bd3 Rc8 17. g3 Ne5 18. Bf4 d6 19. Bc1 b4 20. Na4 Nxd3 21. cxd3 e5
22. Nb3 d5 23. Be3 dxe4 24. d4 exd4 25. Bxd4 O-O 26. Nac5 Bd5 27. gxh4 a5 28.
Bxf6 Bxb3 29. Bxe7 Bc2+ 30. Kxc2 Qxe7 31. Kb1 Rxc5 32. Rd4 Re8 33. Rg1 Qxh4 34.
Rg2 Rec8 35. Rd1 Rc2 36. Qe3 Qf6 37. Qb3 R8c4 38. Rdg1 g6 39. Qxc2 Rxc2 40. Kxc2
Qf3 41. b3 Kf8 42. Kb2 Qe2+ 43. Kb1 Qd2 44. Rc1 e3 45. h3 exf2 46. Rg3 Qxc1+ 0-1

[Event "TCh-RUS Rapid 2017"]
[Site "Sochi RUS"]
[Date "2017.10.04"]
[Round "6.6"]
[Board "2"]
[White "Antonenko, Vladimir"]
[Black "Nechaev, Oleg"]
[Result "0-1"]
[WhiteTitle "FM"]
[BlackTitle "FM"]
[WhiteElo "2330"]
[BlackElo "2410"]
[WhiteTeam "Novosibirsk State Technical University"]
[BlackTeam "Stavropol region"]
[WhiteFideId "24159409"]
[BlackFideId "24113409"]
[EventDate "2017.10.03"]

1. d4 Nf6 2. c4 c5 3. d5 b5 4. cxb5 a6 5. bxa6 g6 6. Nc3 Bg7 7. Nf3 O-O 8. a7
Rxa7 9. e4 d6 10. Be2 Ba6 11. O-O Qb6 12. Nd2 Nbd7 13. a4 Bxe2 14. Qxe2 Qa6 15.
Nb5 Rb7 16. Ra3 Rfb8 17. Nc4 Nb6 18. b3 Ne8 19. Bg5 Kf8 20. Bd2 Nxc4 21. bxc4
Kg8 22. Rb1 Ra8 23. Qd3 Nf6 24. a5 Rab8 25. Rab3 Nd7 26. Qc2 Qa8 27. h3 Qa6 28.
Na3 Ne5 29. Rb5 Qa8 30. R1b3 e6 31. Qb1 Rxb5 32. Rxb5 Re8 33. Rb7 exd5 34. exd5
Nd3 35. Rb6 Nb4 36. Bxb4 cxb4 37. Qxb4 Bd4 38. Rxd6 Qa7 39. Qd2 Bxf2+ 40. Kh2
Qe7 41. Qf4 Qe1 42. h4 Qg1+ 43. Kh3 Qh1+ 44. Kg4 Qxg2+ 0-1

[Event "TCh-RUS Rapid 2017"]
[Site "Sochi RUS"]
[Date "2017.10.04"]
[Round "6.6"]
[Board "3"]
[White "Rozhko, Dmitry"]
[Black "Gubsky, Egor"]
[Result "0-1"]
[WhiteTitle "FM"]
[BlackTitle "FM"]
[WhiteElo "2311"]
[BlackElo "2303"]
[WhiteTeam "Stavropol region"]
[BlackTeam "Novosibirsk State Technical University"]
[WhiteFideId "4150430"]
[BlackFideId "4194055"]
[EventDate "2017.10.03"]

1. e4 c5 2. c3 d5 3. exd5 Qxd5 4. d4 Nc6 5. Nf3 Bg4 6. Be2 cxd4 7. cxd4 e6 8.
Nc3 Qa5 9. O-O Nf6 10. h3 Bh5 11. Be3 Bd6 12. Qb3 Qb4 13. Qxb4 Nxb4 14. Nb5 Ke7
15. Nxd6 Kxd6 16. Bf4+ Ke7 17. g4 Bg6 18. a3 Nc6 19. Be3 a6 20. Ne5 Be4 21. f3
Bd5 22. Rac1 Nd7 23. Nxd7 Kxd7 24. b4 h5 25. g5 Ne7 26. Bd3 Bc6 27. Be4 Rac8 28.
Kf2 f5 29. gxf6 gxf6 30. Rg1 Rhg8 31. Bh7 Rxg1 32. Rxg1 Bd5 33. Rg7 Rc3 34. a4
Rb3 35. b5 axb5 36. axb5 Rxb5 37. Bg6 h4 38. Bc1 Rb3 39. Bh5 b5 40. Rf7 b4 41.
Rxf6 Rc3 42. Bg5 Rc2+ 43. Ke1 Rg2 44. f4 Nf5 45. Rf7+ Kc6 46. Be2 Nxd4 47. Bd3
Nf3+ 48. Kf1 Nxg5 49. fxg5 Rxg5 50. Rf4 Rg3 51. Bh7 b3 52. Rxh4 b2 53. Rb4 Rxh3
54. Bg6 Kc5 55. Rb8 Rb3 56. Rc8+ Kd4 57. Bb1 Rc3 58. Rxc3 Kxc3 59. Ke2 Bg2 60.
Ke3 Bh3 0-1

[Event "TCh-RUS Rapid 2017"]
[Site "Sochi RUS"]
[Date "2017.10.04"]
[Round "6.6"]
[Board "4"]
[White "Kamrukov, Alexey"]
[Black "Zaichikov, Andrey"]
[Result "0-1"]
[WhiteTitle "FM"]
[WhiteElo "2296"]
[BlackElo "2202"]
[WhiteTeam "Novosibirsk State Technical University"]
[BlackTeam "Stavropol region"]
[WhiteFideId "4169018"]
[BlackFideId "24176591"]
[EventDate "2017.10.03"]

1. d4 Nf6 2. c4 g6 3. Nc3 Bg7 4. e4 d6 5. Nf3 O-O 6. Be2 e5 7. O-O Nc6 8. d5 Ne7
9. Ne1 Ne8 10. Be3 f5 11. f3 f4 12. Bf2 g5 13. a4 Kh8 14. a5 a6 15. c5 Ng8 16.
cxd6 cxd6 17. Na4 Nh6 18. Nb6 Rb8 19. Nxc8 Rxc8 20. Nd3 Nf6 21. Qb3 Qd7 22. Kh1
g4 23. Bg1 Rg8 24. Rfc1 Nh5 25. Bb6 gxf3 26. Bxf3 Nf6 27. Nf2 Nf7 28. Nh3 Bh6
29. Qd1 Ng5 30. Nxg5 Bxg5 31. Rxc8 Rxc8 32. Rc1 Ne8 33. Rc2 Rxc2 34. Qxc2 Bd8
35. Bxd8 Qxd8 36. h3 Kg7 37. Bg4 Nc7 38. Qe2 Nb5 39. Bf5 Nd4 40. Qg4+ Kh8 41.
Qh5 Qe7 42. Kh2 Nb5 43. Qh6 Nd4 44. Bc8 f3 45. gxf3 Nxf3+ 46. Kg3 Nd4 47. Bxb7
Qf7 48. Bxa6 Qf3+ 49. Kh2 Qf2+ 50. Kh1 Qe1+ 51. Kg2 Qxe4+ 52. Kf1 Qf3+ 53. Ke1
Qg3+ 54. Kf1 Qf3+ 55. Ke1 Qe4+ 56. Kf1 Qb1+ 57. Kg2 Qxb2+ 58. Kf1 Qa1+ 59. Kg2
Qb2+ 60. Kf1 Qb1+ 61. Kg2 Qe4+ 62. Kf1 Qf3+ 63. Ke1 Qh1+ 64. Kf2 Qf3+ 65. Ke1
Qe4+ 66. Kf2 Qf3+ 67. Ke1 Qg3+ 68. Kf1 Qf3+ 69. Ke1 Qe4+ 70. Kf2 Qc2+ 71. Kf1
Qd1+ 72. Kf2 Qf3+ 73. Ke1 Qe4+ 74. Kf2 Qf5+ 75. Kg2 Nc2 76. Qd2 Qe4+ 77. Kf2 Nd4
78. Qh6 Qf5+ 79. Kg2 Qf3+ 80. Kh2 Qf2+ 81. Kh1 Qf3+ 82. Kh2 Qf2+ 83. Kh1 Qe1+
84. Kg2 Qe4+ 85. Kf2 Qf3+ 86. Kg1 Qf5 87. Bd3 Nf3+ 88. Kf2 e4 89. Bxe4 Qf7 90.
Bxf3 Qa7+ 0-1

[Event "TCh-RUS Rapid 2017"]
[Site "Sochi RUS"]
[Date "2017.10.04"]
[Round "7.1"]
[Board "1"]
[White "Jakovenko, Dmitry"]
[Black "Fedoseev, Vladimir3"]
[Result "1/2-1/2"]
[WhiteTitle "GM"]
[BlackTitle "GM"]
[WhiteElo "2710"]
[BlackElo "2733"]
[WhiteTeam "Ugra (Khanty-Mansi Autonomous District)"]
[BlackTeam "Friends of Ivan Bukavshin (Samara)"]
[WhiteFideId "4122356"]
[BlackFideId "24130737"]
[EventDate "2017.10.03"]

1. e4 e5 2. Nf3 Nf6 3. Nxe5 d6 4. Nf3 Nxe4 5. d4 d5 6. Bd3 Be7 7. O-O Nc6 8.
Nbd2 Bf5 9. Re1 Nxd2 10. Qxd2 Bxd3 11. Qxd3 O-O 12. c3 Qd7 13. Bf4 a6 14. Re2
Rae8 15. Rae1 Bd8 16. h3 Rxe2 17. Qxe2 f6 18. Nd2 a5 19. Qb5 Ne5 20. Qxd7 1/2-1/2